000
00244nam a2200109 4500
999
_c
10762
_d
10762
003
OSt
005
20220707135247.0
008
220707b ||||| |||| 00| 0 eng d
100
_a
The swadish institute
245
_a
Design in sweden
942
_2
ddc